000 00346nam a2200133Ia 4500
008 240624s9999 xx 000 0 und d
041 _aeng
082 _a305.5 BRI
100 _aBRINT STEVEN
245 _aIN AN AGE OF EXPERTS THE CHANGING ROLES
260 _c1996
_aNew Jersey
_bPrinceton University Press
300 _a288 : p.
365 _c
_b26
999 _c21018
_d21018